| 000 | 01492nam a22003737a 4500 | ||
|---|---|---|---|
| 003 | CHAP | ||
| 005 | 20220329143919.0 | ||
| 008 | 170812s2012 mx r 00010 spa d | ||
| 010 | _a103669 | ||
| 011 | _a104641 | ||
| 035 | _a115331 | ||
| 040 | _cCHAP | ||
| 090 | _aTesis | ||
| 100 | 1 |
_aMontes Herrera, Victoria _977884 |
|
| 245 | 1 | 0 |
_aInfluencia de la variación de corte en madera aserrada en la productividad de la empresa "Servicios especializados forestales, S.A. de C.V. _h[En línea] _c/por Victoria Montes Herrera |
| 260 |
_aChapingo, Méx. : _bEl autor, _c2012 |
||
| 500 | _aPara ver el contenido del material haga clic en la liga | ||
| 502 | _aTesis (Ing. Forestal Industrial) -- UACH. División de Ciencias Forestales | ||
| 590 |
_aALEPH _b10 _c20130110 _lUCH01 _h1545 |
||
| 590 |
_aBATCH-UPD _b10 _c20130110 _lUCH01 _h1532 |
||
| 590 |
_aBATCH-UPD _b10 _c20130410 _lUCH01 _h0657 |
||
| 590 |
_aBATCH-UPD _b10 _c20130914 _lUCH01 _h0418 |
||
| 590 |
_aBATCH-UPD _b10 _c20140324 _lUCH01 _h1532 |
||
| 590 |
_aBATCH-UPD _b10 _c20141002 _lUCH01 _h0854 |
||
| 590 |
_aCONVERSION _b10 _c20130109 _lUCH01 _h1357 |
||
| 650 | 0 | 4 |
_aAserraderos. _97892 |
| 650 | 0 | 4 |
_aMadera aserrada _xProducción. _969641 |
| 650 | 0 | 4 |
_aProductos forestales. _992059 |
| 856 |
_3Finding aid _uhttp://10.13.5.2/tesis/115331.pdf _zTeclea aqui |
||
| 901 | _aBK | ||
| 942 | _cFOLL | ||
| 949 |
_aTesis _bBC _cTES _d33724002341074 _eTS2 _fc.2 _h53717 _i115331 _st |
||
| 949 |
_aTesis _bBC _cTES _d33724002341116 _eTS1 _h53716 _i115331 _st |
||
| 999 |
_c103669 _d103669 |
||